00674nam a22002057a 4500003001400000005001700014008004100031020001800072040002800090041000800118082002600126245004900152260006400201300002300265650002200288942001200310952011200322999001500434900001900449KOHA_MİRAKIL20251221134633.0251221b tu ||||| |||| 00| 0 tur d a9786259458229 aTR-AnABBbturcTR-AnABB atur a781.6909561bBAL 202410aBalıkesir 4. Türk Müziği Sempozyumu / aBalıkesir :bBalıkesir Büyükşehir Belediyesi,c2024 a331 sayfa ;c24 cm04aTürk müziği 2ddccBK 00102ddc70aBATbBATd2025-12-21l0o781.6909561 BAL 2024pABB126105r2025-12-21 13:47:01w2025-12-21yBK c9836d9836 bGizem YORULMAZ